000 00645nam a2200217Ia 4500
001 16624
003 GE_BSU
008 181216s||||||||xx |||||||||||||| ||und||
040 _cGE_BSU
080 _a821.353.1-32
100 _aლომოური, ნიკო
245 _aმოთხრობები
245 _b10 კლ. მოსწავლეებისათვის
245 _cრედ.ეკა მთვრალაშვილი
260 _aთბილისი
260 _bცოდნა
260 _c1959
300 _a133 გვ. ; 22 სმ
653 _aმოთხრობები
942 _cBK
999 _c49691
_d49691